A Guide to Homoeopathy/ (Record no. 199297)

MARC details
000 -LEADER
fixed length control field 00870nam a22002417a 4500
003 - CONTROL NUMBER IDENTIFIER
control field dpl
005 - DATE AND TIME OF LATEST TRANSACTION
control field 20231213155106.0
008 - FIXED-LENGTH DATA ELEMENTS--GENERAL INFORMATION
fixed length control field 231129b |||||||| |||| 00| 0 eng d
010 ## - LIBRARY OF CONGRESS CONTROL NUMBER
LC control number B-756041-045
020 ## - INTERNATIONAL STANDARD BOOK NUMBER
International Standard Book Number 9788183821162
Terms of availability 250.00
035 ## - SYSTEM CONTROL NUMBER
System control number B-756041-045
037 ## - SOURCE OF ACQUISITION
Source of stock number/acquisition Lotus Press
040 ## - CATALOGING SOURCE
Transcribing agency 0
050 ## - LIBRARY OF CONGRESS CALL NUMBER
Classification number 615.53
100 ## - MAIN ENTRY--PERSONAL NAME
Relator code Sharma, Rajeev
245 ## - TITLE STATEMENT
Title A Guide to Homoeopathy/
Statement of responsibility, etc Rajeev Sharma
250 ## - EDITION STATEMENT
Edition statement 2023
260 ## - PUBLICATION, DISTRIBUTION, ETC. (IMPRINT)
Place of publication, distribution, etc New Delhi
Name of publisher, distributor, etc Lotus Press
Date of publication, distribution, etc 2023
270 ## - ADDRESS
Address 4735/22, Prakash Deep Building Ansari Road, Darya Ganj,
City New Delhi
Postal code 110002
300 ## - PHYSICAL DESCRIPTION
Extent 223 Pg.
Dimensions 22cm(pbk)
942 ## - ADDED ENTRY ELEMENTS (KOHA)
Source of classification or shelving scheme Dewey Decimal Classification
Koha item type English Books
Classification part 615.53
Call number suffix SHA
Holdings
Withdrawn status Lost status Source of classification or shelving scheme Damaged status Not for loan Collection code Home library Current library Date acquired Source of acquisition Cost, normal purchase price Total Checkouts Full call number Barcode Date last seen Copy number Cost, replacement price Price effective from Koha item type
    Dewey Decimal Classification     Non-fiction Ashok Vihar Ashok Vihar 13/12/2023 Lotus Press/198/27.12.23/41/23.11.23/1.12.23 250.00   615.53 SHA B-756042 13/12/2023 2 250.00 13/12/2023 English Books
    Dewey Decimal Classification     Non-fiction Central Library Central Library 13/12/2023 Lotus Press/198/27.12.23/41/23.11.23/1.12.23 250.00   615.53 SHA B-756041 13/12/2023 1 250.00 13/12/2023 English Books
    Dewey Decimal Classification     Non-fiction Shahdara Branch Shahdara Branch 13/12/2023 Lotus Press/198/27.12.23/41/23.11.23/1.12.23 250.00   615.53 SHA B-756044 13/12/2023 4 250.00 13/12/2023 English Books
    Dewey Decimal Classification     Non-fiction Tri Nagar Tri Nagar 13/12/2023 Lotus Press/198/27.12.23/41/23.11.23/1.12.23 250.00   615.53 SHA B-756043 13/12/2023 3 250.00 13/12/2023 English Books
    Dewey Decimal Classification     Non-fiction Yojana Vihar Yojana Vihar 13/12/2023 Lotus Press/198/27.12.23/41/23.11.23/1.12.23 250.00   615.53 SHA B-756045 13/12/2023 5 250.00 13/12/2023 English Books

© Delhi Public Library
Hit Counter
free hit counter